Delitos contra el patrimonio : (Registro nro. 21698)

Detalles MARC
000 -Cabecera
Campo de control interno 00706nam a2200217Ia 4500
005 - Fecha y hora del registro
control field 20260407101438.0
008 - Elementos de Longitud Fija
fixed length control field 260320s9999||||xx |||||||||||||| ||und||
020 ## - ISBN
ISBN 9786123226077
041 ## - Idioma
Codigo Idioma ESP
082 ## - DEWEY y NOTACIÓN INTERNA
Dewey 344.525
Notación Interna G23
100 ## - AUTOR
Autor denominación García Cavero, Percy,
Término de relación autor
245 #0 - TÍTULO DE MATERIAL BIBLIOGRÁFICO
Título Delitos contra el patrimonio :
Título paralelo un estudio sistemático
250 ## - EDICIÓN
Edición Primera edición
260 ## - CIUDAD, EDITORIAL, AÑO
Ciudad Lima :
Nombre de la Editorial Instituto Pacífico
Año 2025
300 ## - DESCRIPCIÓN
N° Páginas 957 páginas :
Otros detalles ilustraciones ;
Dimensiones 25 cm.
650 ## - TEMAS
Temas Ciencias Sociales
653 ## - DESCRIPTORES
Lenguajes no controlado Derecho; Derecho penal; Delitos contra el patrimonio
856 ## - URL - UBICACIÓN
URI/URL: Enlace exacto del recurso <a href="https://app-vlex-com.ucsp.lookproxy.com/">https://app-vlex-com.ucsp.lookproxy.com/</a>
Nota pública: Versión digital <a href="Véase además: Base de datos Vlex">Véase además: Base de datos Vlex</a>
942 ## - ELEMENTOS DE KOHA
Tipo de documento Libro
Nombre del creador Justo Noguera
Código de catalogador Mirtha Ponce
Esquema de clasificación Dewey Decimal Classification
Existencias
Codigo completo Registro Colección Copia número Disponibilidad Tipo de préstamo Biblioteca Actual Procedencia (Biblioteca) Ubicacón Fecha Ingreso Tipo de Adquisición Date last seen Total checkouts Price effective from Tipo de Item Estado del Material Fuente de Clasificación Damaged status Withdrawn status
344.525 G23 1085245 Universidad Católica San Pablo 1 Disponible Disponible Víctor Andrés Belaunde Víctor Andrés Belaunde Primer piso 07/04/2026 Suscripción 07/04/2026   07/04/2026 Libro Bueno Dewey Decimal Classification